[Event "Challenge"]
[Site "http://www.queenalice.com/game.php?id=880572"]
[Date "2011.1.3"]
[Round "-"]
[White "jamesxirb"]
[Black "greenee"]
[Result "0-1"]
[WhiteElo "1339"]
[BlackElo "1111"]

1. e4 e5 2. d3 d6 3. Nc3 Nc6 4. Nf3 Nf6 5. d4 Nxd4 6. b3 Qd7 7. Bd3 a6 8. O-O
Be7 9. a4 O-O 10. b4 Qg4 11. h3 Qe6 12. a5 b5 13. Ng5 Qd7 14. g4 h6 15. Nf3 Bb7
16. Be3 c5 17. Rb1 c4 18. Be2 Nxe4 19. Bxd4 Rac8 20. Nh4 Nxc3 21. Qe1 exd4 22.
Rb2 Bxh4 23. Qd2 d5 24. Bf3 Rce8 25. Qxd4 Bf6 26. Qd2 d4 27. Bxb7 Qxb7 28. Re1
Re4 29. Kf1 Rfe8 30. f3 Re2 31. Rxe2 Nxe2 32. Kf2 Bh4+ 33. Kg2 c3 34. Qxd4 Nxd4
35. Rb1 Qxf3+ 36. Kg1 Bf2+ 37. Kf1 Qe2+ 38. Kg2 Be3+ 39. Kg3 Qf2# 0-1

[Event "Challenge"]
[Site "http://www.queenalice.com/game.php?id=882019"]
[Date "2011.1.6"]
[Round "-"]
[White "greenee"]
[Black "flanny"]
[Result "0-1"]
[WhiteElo "1132"]
[BlackElo "1745"]

1. e4 e5 2. Qg4 Nf6 3. Nc3 Nxg4 4. h3 Qh4 5. g3 Bc5 6. gxh4 Nf6 7. Bb5 O-O 8.
Nf3 c6 9. Nxe5 cxb5 10. Nxb5 Na6 11. b3 Nxe4 12. O-O Ng3 13. Kg2 Nxf1 14. Kxf1
d6 15. Nf3 Nb4 16. d4 Bxh3+ 17. Kg1 Nxc2 18. dxc5 d5 19. Rb1 Rfe8 20. Kh2 Bf5
21. Nd6 Be4 22. Kg2 Ne1+ 23. Kg3 Nxf3 24. Bf4 Bxb1 25. Kxf3 Re4 26. Nxe4 Bxe4+
27. Ke3 Rd8 28. f3 Bf5 29. Kd4 f6 30. a4 Bc2 31. Kc3 Bg6 32. Kd4 Be8 33. Bd6 Bf7
34. b4 h6 35. f4 h5 36. f5 Re8 37. b5 Re4+ 38. Kd3 Rxa4 39. Bb8 g6 40. c6 bxc6
41. bxc6 Rc4 42. c7 a5 43. c8=Q+ Rxc8 44. Bd6 gxf5 45. Ke3 Rc4 46. Kd3 Rxh4 47.
Bc5 Re4 48. Bd4 Rxd4+ 49. Ke3 Rg4 50. Kd2 h4 51. Ke2 h3 52. Kf3 h2 53. Kf2 h1=Q
54. Ke3 Qh3+ 55. Kd2 Rg2+ 56. Ke1 Qh1# 0-1

[Event "Invitation"]
[Site "http://www.queenalice.com/game.php?id=890348"]
[Date "2011.1.24"]
[Round "-"]
[White "flanny"]
[Black "greenee"]
[Result "1/2-1/2"]
[WhiteElo "1768"]
[BlackElo "1118"]

1. e4 e5 2. Nf3 Nf6 3. d3 d6 4. c4 c5 5. Bg5 h6 6. Bxf6 Qxf6 7. Nc3 Nc6 8. Nd5
Qd8 9. Qd2 b6 10. h3 Be6 11. Be2 Be7 12. O-O O-O 13. Nxe7+ Qxe7 14. a4 a5 15.
Nh2 Nd4 16. Bh5 Qf6 17. f4 g6 18. Ng4 Qh4 19. Nxh6+ Kg7 20. f5 Qxh5 21. f6+ Kh7
22. Ng4 Nb3 23. Qe2 Qh4 24. Rae1 Nd4 25. Qf2 Nf5 26. exf5 Qg5 27. fxe6 fxe6 28.
f7 Ra7 29. Qg3 Raxf7 30. Rxf7+ Rxf7 31. h4 Qf4 32. Qxf4 Rxf4 33. Nh2 Rxh4 34.
Rf1 g5 35. Rf6 Rh6 36. Rf7+ Kg6 37. Rb7 b5 38. Rxb5 Rh7 39. Rxa5 Rb7 40. Rb5 Ra7
41. a5 d5 42. Rxc5 Rd7 43. b4 dxc4 44. dxc4 Rd1+ 45. Nf1 e4 46. Kf2 g4 47. a6
Ra1 48. b5 Ra2+ 49. Kg3 e5 50. Rxe5 Kf6 51. Rxe4 Kf5 52. Rxg4 Rf2 53. Nh2 Re2
54. a7 Re8 55. b6 Ra8 56. c5 Ke5 57. Ra4 Kd5 58. b7 Rg8+ 59. Ng4 Re8 60. Nf6+
Kxc5 61. Nxe8 Kb5 62. a8=Q Kc5 63. b8=Q 1/2-1/2

[Event "Challenge"]
[Site "http://www.queenalice.com/game.php?id=919455"]
[Date "2011.3.30"]
[Round "-"]
[White "Petrucio"]
[Black "greenee"]
[Result "1-0"]
[WhiteElo "1177"]
[BlackElo "1132"]

1. e4 e5 2. Qh5 g6 3. Qxe5+ Qe7 4. Qxc7 Qxe4+ 5. Ne2 Qc6 6. Qe5+ Ne7 7. c3 f6 8.
Qf4 d5 9. Nd4 Be6 10. Nxc6 Nbxc6 11. Qxf6 Rg8 12. Qxe6 1-0

[Event "Challenge"]
[Site "http://www.queenalice.com/game.php?id=926815"]
[Date "2011.4.17"]
[Round "-"]
[White "flanny"]
[Black "greenee"]
[Result "1-0"]
[WhiteElo "1766"]
[BlackElo "1099"]

1. e4 e5 2. Nc3 Nf6 3. Bc4 Qe7 4. Qf3 d6 5. Nh3 h6 6. O-O h5 7. d3 g6 8. Bg5 Bg7
9. Nd5 Bg4 10. Qe3 Qd7 11. Bxf6 O-O 12. Ne7+ Kh7 13. Ng5+ Kh8 14. Bxg7+ Kxg7 15.
Nd5 c6 16. Nc3 Be6 17. Rad1 d5 18. exd5 Bg4 19. h3 Bf5 20. Qxe5+ f6 21. Ne6+
Bxe6 22. Qg3 Bf5 23. Rfe1 b5 24. dxc6 Nxc6 25. Bxb5 a6 26. Ba4 Nd4 27. Bxd7 Nxc2
28. Bxf5 Rae8 29. Qxg6+ Kh8 30. Qh7# 1-0

[Event "Challenge"]
[Site "http://www.queenalice.com/game.php?id=927108"]
[Date "2011.4.17"]
[Round "-"]
[White "FranzMeM"]
[Black "greenee"]
[Result "1-0"]
[WhiteElo "1499"]
[BlackElo "1097"]

1. e4 e5 2. Bc4 Qf6 3. Nf3 Bc5 4. a3 d6 5. h3 Ne7 6. d3 O-O 7. Nc3 a6 8. Bg5 Qg6
9. O-O Nbc6 10. Bxe7 Nxe7 11. Qd2 Bd7 12. Ng5 h6 13. Nxf7 Bxh3 14. Nxe5+ Kh7 15.
Nxg6 Nxg6 16. gxh3 Rf4 17. Nd5 Rh4 18. Nxc7 Rf8 19. Ne6 Rf7 20. Nxc5 dxc5 21.
Bxf7 Rxh3 22. Bxg6+ Kxg6 23. Qf4 Rh5 24. Qg4+ Rg5 25. Qxg5+ hxg5 26. e5 Kf7 27.
Rae1 Ke6 28. c3 b5 29. b3 g4 30. b4 c4 31. dxc4 g5 32. c5 a5 33. bxa5 Kd7 34.
e6+ Ke7 35. a6 b4 36. cxb4 Kf6 37. e7 Kf5 38. e8=Q g3 39. fxg3+ Kg4 40. a7 1-0

[Event "Challenge"]
[Site "http://www.queenalice.com/game.php?id=943673"]
[Date "2011.5.28"]
[Round "-"]
[White "vangogh"]
[Black "greenee"]
[Result "1-0"]
[WhiteElo "1192"]
[BlackElo "1095"]

1. d4 d5 2. e3 e6 3. Nf3 Nf6 4. Bd3 Nc6 5. O-O Bb4 6. c3 Ba5 7. b4 Bxb4 8. a3
Ba5 9. Qa4 Qd6 10. Nbd2 Ng4 11. h3 Nf6 12. Nb3 1-0

[Event "Challenge"]
[Site "http://www.queenalice.com/game.php?id=955540"]
[Date "2011.6.30"]
[Round "-"]
[White "Petrucio"]
[Black "greenee"]
[Result "0-1"]
[WhiteElo "1356"]
[BlackElo "1072"]

1. e4 e5 2. Qh5 g6 3. Qxe5+ Ne7 4. Qxh8 d5 5. Qxh7 Bg4 6. e5 Nf5 7. Bb5+ c6 8.
Bd3 Qe7 9. Qh8 Bh5 10. f4 Qh4+ 11. g3 Nd7 12. gxh4 Bf3 13. Nxf3 Ke7 14. Qf6+
Nxf6 15. Rg1 Bh6 16. Ng5 Nxh4 17. Nh3 Nf3+ 18. Kf2 Nxg1 19. Nxg1 Nh5 20. Kf3
Nxf4 21. Ne2 g5 22. Ng3 Ke6 23. Bf5+ Kxe5 24. d3 d4 25. Bxf4+ gxf4 26. Nd2 fxg3
27. Bc8 Bxd2 28. Bxb7 Rh8 29. Bxc6 Rxh2 30. Kxg3 Bf4+ 31. Kf3 Rh3+ 32. Kg4 Rg3+
33. Kh4 Kf5 34. Be4+ Ke5 35. Rf1 f5 36. b4 fxe4 37. c4 Kf5 38. Rd1 e3 39. Re1
Rg2 40. a4 Bg5+ 41. Kh3 Rb2 42. c5 Rxb4 43. c6 Rb8 44. c7 Rc8 45. Rf1+ Bf4 46.
Kg2 Rxc7 47. Kf3 Rc3 48. Rd1 Rc2 49. Rg1 Rf2# 0-1

[Event "Challenge"]
[Site "http://www.queenalice.com/game.php?id=955982"]
[Date "2011.7.2"]
[Round "-"]
[White "edemarc"]
[Black "greenee"]
[Result "1-0"]
[WhiteElo "1585"]
[BlackElo "1074"]

1. e4 e5 2. Nf3 Nf6 3. Nc3 Nc6 4. d4 d6 5. Bd3 a5 6. d5 Nd4 7. Nxd4 g6 8. Nde2
Bg4 9. O-O Be7 10. Bh6 Ra6 11. f3 Bh5 12. h3 Qd7 13. Ng3 b5 14. Bxb5 c6 15. Bxa6
c5 16. Nb5 Ng8 17. Qd2 Nf6 18. Qxa5 Bd8 19. Qa4 Ke7 20. f4 Bc7 21. Bb7 Bb6 22.
Bc6 Qc8 23. Kh1 Rg8 24. Rae1 Nd7 25. f5 Kf6 26. h4 Bg4 27. fxg6+ Kxg6 28. Bg5 f6
29. Bd2 h5 30. c4 Qd8 31. Rf2 Rf8 32. Nxd6 Qe7 33. Ndf5 Qh7 34. d6 Qg8 35. Ne7+
Kg7 36. Ngf5+ Kf7 37. Nh6+ Kg7 38. Nhxg8 Be6 39. Nh6 Rh8 40. Nhf5+ Kf7 41. Rg1
Nf8 42. Qa8 Bxc4 43. Qe8+ Ke6 44. Nc8# 1-0

[Event "Challenge"]
[Site "http://www.queenalice.com/game.php?id=958684"]
[Date "2011.7.9"]
[Round "-"]
[White "flanny"]
[Black "greenee"]
[Result "1-0"]
[WhiteElo "1813"]
[BlackElo "1082"]

1. e4 e5 2. Bc4 Qe7 3. Qf3 c6 4. Nc3 Nf6 5. Nh3 Qc5 6. d3 Qd4 7. Be3 Qd6 8. Ng5
h5 9. Nxf7 Qe7 10. Nxh8 a6 11. Bf7+ Kd8 12. Bb6# 1-0

[Event "Challenge"]
[Site "http://www.queenalice.com/game.php?id=964664"]
[Date "2011.7.25"]
[Round "-"]
[White "greenee"]
[Black "palergiuseppe"]
[Result "0-1"]
[WhiteElo "1091"]
[BlackElo "1260"]

1. e4 d6 2. Nc3 Nf6 3. Nf3 e5 4. Be2 Nbd7 5. d3 Be7 6. Be3 Nf8 7. Nd5 N8d7 8. c4
c6 9. Nxf6+ Bxf6 10. h4 Nf8 11. Qa4 Nd7 12. O-O h6 13. Rac1 Nb6 14. Qa5 c5 15.
Qb5+ Bd7 16. Qb3 O-O 17. Nh2 Bxh4 18. Nf3 Re8 19. g3 Bh3 20. gxh4 Bxf1 21. Kxf1
Qd7 22. Nh2 Qh3+ 23. Kg1 Qxh4 24. Bg4 Qd8 25. Qd1 Nd7 26. Qf3 Nf6 27. b3 Qa5 28.
a4 Qb4 29. Qd1 a5 30. Qc2 g6 31. Bxh6 Kh7 32. Bg5 Ng8 33. Rb1 Qb6 34. f3 Qc7 35.
Qg2 Kg7 36. Qh3 b6 37. Kg2 Nh6 38. Qxh6+ Kg8 39. Bh3 Re6 40. Bxe6 fxe6 41. Qxg6+
Qg7 42. Qxe6+ Kh7 43. Qf5+ Kg8 44. Ng4 Rf8 45. Qe6+ Qf7 46. Qh6 Qxf3+ 47. Kh2
Qe2+ 48. Kh3 Qxd3+ 49. Kh4 Qxe4 0-1

[Event "Challenge"]
[Site "http://www.queenalice.com/game.php?id=985473"]
[Date "2011.9.15"]
[Round "-"]
[White "greenee"]
[Black "Phantom"]
[Result "0-1"]
[WhiteElo "1082"]
[BlackElo "1506"]

1. d4 d5 2. c3 Bf5 3. Na3 c6 4. g3 Nf6 5. Bf4 Nbd7 6. Nf3 Nb6 7. Ne5 e6 8. e3
Bxa3 9. Rb1 Bd6 10. Bg2 Bxe5 11. O-O Bg4 12. Qe1 Bxf4 13. exf4 g6 14. h4 Qd6 15.
Qe5 Qxe5 16. dxe5 Nh5 17. b4 Nc4 18. a4 O-O 19. a5 b5 20. a6 g5 21. f5 Bxf5 22.
Rbe1 gxh4 23. gxh4 Kh8 24. Rd1 Rg8 25. Kh1 Rg6 26. Kh2 Nf4 27. Rg1 Ne2 28. Rge1
Nf4 29. Bh1 Be4 30. f3 Bf5 31. h5 Nxh5 32. Rd4 Ng3 33. Bg2 Rag8 34. Rh4 Nf1+ 35.
Rxf1 Rxg2+ 36. Kh1 Ne3 37. Re1 Nc2 38. Rg1 Ne3 39. Re1 R8g3 40. Rf1 Nxf1 0-1

[Event "Challenge"]
[Site "http://www.queenalice.com/game.php?id=996246"]
[Date "2011.10.11"]
[Round "-"]
[White "Phantom"]
[Black "greenee"]
[Result "1-0"]
[WhiteElo "1508"]
[BlackElo "1080"]

1. e4 e5 2. Qh5 h6 3. d3 Qg5 4. Qxg5 hxg5 5. Bxg5 f6 6. Be3 d6 7. h3 Nc6 8. c3
b6 9. d4 Bb7 10. Nf3 g5 11. Nbd2 Nh6 12. h4 g4 13. Ng1 Bg7 14. h5 O-O 15. f3 g3
16. Rh4 a6 17. dxe5 Nxe5 18. Bxh6 Bxh6 19. Nh3 d5 20. exd5 Nd3+ 21. Bxd3 Bxd5
22. Rg4+ Bg7 23. h6 Rae8+ 24. Kd1 a5 25. Rxg7+ Kh8 26. Nf4 1-0